000
00314 a2200109 4500
000
nam a22 7a 4500
005
20260223121435.0
100
_a
Popkov, Yuri S.; Popkov, Alexey Yu.; Dubnov, Yuri A.
_9
1116515
245
_a
Entropy Randomization in Machine Learning
260
_b
CRC Press
_c
2023
942
_c
TEXL
999
_c
1680114
_d
1680114